<?xml version="1.0" encoding="UTF-8"?>
<collection xmlns="http://www.loc.gov/MARC21/slim">
 <record>
  <leader>01426nam a2200217Ia 4500</leader>
  <controlfield tag="001">TDMU_28347</controlfield>
  <controlfield tag="008">210410s9999    xx            000 0 und d</controlfield>
  <datafield tag="082" ind1=" " ind2=" ">
   <subfield code="a">700.9597</subfield>
  </datafield>
  <datafield tag="090" ind1=" " ind2=" ">
   <subfield code="b">NG527</subfield>
  </datafield>
  <datafield tag="100" ind1=" " ind2=" ">
   <subfield code="a">Nguyễn, Thị Yên</subfield>
  </datafield>
  <datafield tag="245" ind1=" " ind2="0">
   <subfield code="a">Then giải hạn của người Thái trắng ở thị xã Mường Lay tỉnh Điện Biên</subfield>
  </datafield>
  <datafield tag="245" ind1=" " ind2="0">
   <subfield code="c">Nguyễn Thị Yên, Vàng Thị Ngoạn</subfield>
  </datafield>
  <datafield tag="260" ind1=" " ind2=" ">
   <subfield code="a">H.</subfield>
  </datafield>
  <datafield tag="260" ind1=" " ind2=" ">
   <subfield code="b">Văn hóa dân tộc</subfield>
  </datafield>
  <datafield tag="260" ind1=" " ind2=" ">
   <subfield code="c">2016</subfield>
  </datafield>
  <datafield tag="300" ind1=" " ind2=" ">
   <subfield code="a">299tr.</subfield>
  </datafield>
  <datafield tag="520" ind1=" " ind2=" ">
   <subfield code="a">Thư mục tài liệu tham khảo tr. 293 - 295; Giới thiệu về Then và nghi lễ Then giải hạn của người Thái trắng ở thị xã Mường Lay tỉnh Điện Biên. Bản dịchThen giải hạn từ tiếng Thái sang tiếng Việt và một số hình ảnh về thị xã Mường Lay tỉnh Điện Biên</subfield>
  </datafield>
  <datafield tag="650" ind1=" " ind2=" ">
   <subfield code="a">Văn hóa dân gian</subfield>
   <subfield code="x">Then giải hạn</subfield>
   <subfield code="x">Dân tộcThái trắng</subfield>
   <subfield code="z">Mường Lay (Điện Biên - Việt Nam); Then giải hạn</subfield>
   <subfield code="x">Dân tộcThái trắng</subfield>
   <subfield code="z">Mường Lay (Điện Biên - Việt Nam); Dân tộc Thái trắng</subfield>
   <subfield code="x">Văn hóa dân gian</subfield>
   <subfield code="x">Then giải hạn</subfield>
  </datafield>
  <datafield tag="700" ind1=" " ind2=" ">
   <subfield code="a">Hội Văn nghệ dân gian Việt Nam</subfield>
  </datafield>
  <datafield tag="856" ind1=" " ind2=" ">
   <subfield code="u">http://lrc.tdmu.edu.vn/opac/search/detail.asp?aID=2&amp;ID=28347</subfield>
  </datafield>
  <datafield tag="980" ind1=" " ind2=" ">
   <subfield code="a">Trung tâm Học liệu Trường Đại học Thủ Dầu Một</subfield>
  </datafield>
 </record>
</collection>
